Loading...
| Literature - British Literature | 1 | 3 | 0 | 0 | 45 | 73 | 89.75 | 1 | 4 |
| Fine Arts - Visual Fine Arts | 0 | 2 | 0 | 1 | 20 | 114 | 130.00 | 0 | 1 |
| Fine Arts - Other Fine Arts | 0 | 3 | 3 | 1 | 15 | 84 | 126.67 | 1 | 2 |
| History - European History | 1 | 0 | 0 | 0 | 15 | 34 | 34.00 | 1 | 1 |
| Religion | 0 | 2 | 1 | 1 | 15 | 92 | 107.00 | 0 | 2 |
| History - American History | 0 | 1 | 0 | 0 | 10 | 100 | 100.00 | 0 | 1 |
| Literature - American Literature | 0 | 1 | 0 | 0 | 10 | 76 | 76.00 | 0 | 1 |
| Literature - European Literature | 0 | 1 | 1 | 1 | 5 | 146 | 146.00 | 0 | 1 |
| Literature - World Literature | 0 | 0 | 1 | 0 | -5 | 0.00 | 0 | 0 | |
| Science - Other Science | 0 | 0 | 1 | 0 | -5 | 0.00 | 0 | 0 |